00742nam a22002057a 4500999001900000005001700019010001300036020002600049035001300075037000900088082000800097100002200105245010200127260003400229270006000263300002800323700002500351942002200376952013800398 c178540d17854020210406114330.0 aB-738736 a9780670058167c250.00 aB-738736 bGift a080 aNehru, Jawaharlal aLetters from a father to his daughter /cby Jawaharlal Nahru ; illustrated by Ajanta Guhathakurta aNew DelhibPuffin Booksc2004 a11 Community Centre, Panchsheel ParkbNew Delhie110017 a154p.:c22cm(pbk)bill. aGuhathakurta, Ajanta 2ddccENh080mNEH 001040708NFICaLbLd2021-04-06eGift/Eng/26-02-2021g250.00l0o080 NEHpB-738736r2021-04-06 00:00:00t1v250.00w2021-04-06yEN